000 00629nam a2200193 i 4500
001 35312
003 ES-MaACL
005 20230906155113.0
007 t|
008 030212s1966 sp ||||1| cat d
100 1 _aBottomore, Thomas B.
_930808
245 1 0 _aIniciació a la sociología /
_cT.B. Bottomore ; proleg d'E. Pinilla de las Heras ; [traducció de Jordi Monés].
250 _a[1ª ed.].
260 _aMadrid :
_bEdiciones 62,
_c[1966]
300 _a390 p. :
_b1 retr. aut. ;
_c20 cm.
700 1 _aPinilla de las Heras, Esteban.
_992139
700 1 _aMonès, Jordi.
_982173
852 _aES-MaACL
_jC-30385
_bR.60785
999 _c35312
_d35312